• 首页
  • 本馆介绍
  • 公告通知
  • 最新文献
  • 馆藏检索
  • 电子资源
  • 读者导购
  • 参考咨询
  • 我的图书馆
  • 登录
  • 详细信息显示
  • 放入我的书架
  • 预约/预借图书
  • 作者相关作品
  • 分类相关作品
  • 丛书相关作品
  • 出版社相关作品

书目信息

  • 表格格式
  • 工作单格式
  • 卡片格式
题名:
果蔬小荤
    
 
作者: 吴伟志 编著
分册:  
出版信息: 南京   江苏科学技术出版社  2000
页数: 80页
开本: 20cm
丛书名: 食味鲜系列
单 册:
中图分类: TS972.123
科图分类:
主题词: 水果--菜谱--中国 , 瓜类蔬菜--菜谱--中国 , CT--S069919--水果 , CT--S006057--菜谱 , CT--S027329--瓜类蔬菜
电子资源:
ISBN: 7-5345-3224-8
000 00967oam2 2200313 45
001 012002037158
005 20090608102104.03
010    @a7-5345-3224-8@dCNY12.00
100    @a20020429d2000 em y0chiy0110 ea
101 0  @achi
102    @aCN@b320000
105    @aa z 000yy
200 1  @a果蔬小荤@AGuo Shu Xiao Hun@f吴伟志等编著
210    @a南京@c江苏科学技术出版社@d2000
215    @a80页@c照片@d20cm
225 2  @a食味鲜系列
330    @a本书介绍了千禧龙、情果天下、香芒肉带子、色拉三文鱼、异国黄金蟹、龙果水晶片、蜜瓜鸡卷、香橙煎猪排、苹果脆皮奶等菜的制法。
410    @12001 @a食味鲜系列
461  0 @12001 @a食味鲜系列
606 0  @a水果@x菜谱@y中国
606 0  @a瓜类蔬菜@x菜谱@y中国
606 0  @2CT@3S069919@a水果
606 0  @2CT@3S006057@a菜谱
606 0  @2CT@3S027329@a瓜类蔬菜
690    @aTS972.123@v4
701  0 @a吴伟志@AWu Zhi Wei@4编著
801  0 @aCN@bahty@c20090608
905    @aBZT@dTS972.123@e14
906    @dCNY12.00@n0@r1
    
    果蔬小荤/吴伟志等编著.-南京:江苏科学技术出版社,2000
    80页:照片;20cm.-(食味鲜系列)
    
    
    ISBN 7-5345-3224-8:CNY12.00
    本书介绍了千禧龙、情果天下、香芒肉带子、色拉三文鱼、异国黄金蟹、龙果水晶片、蜜瓜鸡卷、香橙煎猪排、苹果脆皮奶等菜的制法。
●
相关链接 在五车中查询图书 在当当中查询图书 在豆瓣中查询图书


正题名:果蔬小荤     索取号:TS972.123/14         预约/预借

序号 登录号 条形码 馆藏地/架位号 状态 备注
1 377752   210005064   中心书库中库/ 中库024架A面3列7层25/ [索取号:TS972.123/14] 在馆    
2 377753   210005037   中心书库中库/ 中库024架A面4列4层67/ [索取号:TS972.123/14] 在馆    
3 377754   210005046   中心书库中库/ 中库024架A面4列4层61/ [索取号:TS972.123/14] 在馆    
4 377755   210005019   中心书库中库/ 中库024架A面4列5层17/ [索取号:TS972.123/14] 在馆    
5 377756   210005028   中心书库中库/ 中库024架A面4列4层66/ [索取号:TS972.123/14] 在馆    
6 377757   210004993   中心书库中库/ 中库024架A面4列4层64/ [索取号:TS972.123/14] 在馆    
7 377758   210005000   中心书库中库/ 中库024架A面4列4层68/ [索取号:TS972.123/14] 在馆    
8 377759   210004975   中心书库中库/ 中库024架A面4列4层65/ [索取号:TS972.123/14] 在馆    
9 377760   210004984   中心书库中库/ 中库024架A面4列4层62/ [索取号:TS972.123/14] 在馆    
山东省滨州职业学院图书馆 欢迎您!
大连网信软件有限公司© 版权所有